Stephen Crane Bibliography - Statistics

General Stats
  • This quiz has been taken 3 times
  • The average score is 8 of 157
Answer Stats
Type Year Name % Correct
Novella 1893 Maggie: A Girl of the Streets
100%
Short Story 1898 The Bride Comes to Yellow Sky
67%
Short Story 1899 | 1901 The Monster
67%
Short Story 1898 The Open Boat
67%
Novel 1895 The Red Badge of Courage
67%
Short Story 1899 His New Mittens
33%
Poem 1895 In Heaven
33%
Poem 1895 In the Desert
33%
Poetry Collection 1895 The Black Riders and Other Lines
33%
Short Story 1899 The Blue Hotel
33%
Short Story 1896 The Little Regiment
33%
Short Story 1902 The Upturned Face
33%
Short Story 1896 The Veteran
33%
Poem | Poetry Collection 1899 War is Kind
33%
Novel 1899 Active Service
0%
Short Story 1902 A Desertion
0%
Short Story 1902 A Fishing Village
0%
Poem 1895 A God in Wrath
0%
Short Story 1896 A Grey Sleeve
0%
Poem 1895 A Learned Man Came to Me Once
0%
Short Story 1900 A Little Pilgrimage
0%
Short Story 1898 A Man and Some Others
0%
Short Story 1902 A Man by the Name of Mud
0%
Poem 1895 A Man Feared That He Might Find an Assassin
0%
Poem 1895 A Man Saw a Ball of Gold in the Sky
0%
Poem 1895 A Man Toiled on a Burning Road
0%
Poem 1895 A Man Went Before a Strange God
0%
Short Story 1896 A Mystery of Heroism
0%
Short Story 1902 "And if He Wills, We Must Die"
0%
Poem 1895 And the Sins of the Fathers Shall Be
0%
Poem 1895 And You Love Me
0%
Short Story 1902 An Episode of War
0%
Short Story 1896 An Indiana Campaign
0%
Short Story 1902 An Old Man Goes Wooing
0%
Short Story 1902 A Poker Game
0%
Short Story 1902 A Self-Made Man
0%
Poem 1895 A Spirit Sped
0%
Short Story 1902 A Street Scene
0%
Short Story 1901 A Swede's Campaign in Germany: II. Lutzen
0%
Short Story 1901 A Swede's Campaign in Germany: I. Leipzig
0%
Short Story 1902 A Tale of Mere Chance
0%
Short Story 1902 At Clancy's Wake
0%
Poem 1895 A Youth in Apparel in Glittered
0%
Short Story 1902 Ballydehob
0%
Poem 1895 Behold, From the Land of the Farther Suns
0%
Poem 1895 Behold, the Grave of a Wicked Man
0%
Poem 1895 Black Riders Come From the Sea
0%
Poem 1895 Blustering God
0%
Short Story 1898 Death and the Child
0%
Short Story 1898 Flanagan
0%
Short Story 1902 Four Men in a Cave
0%
Poem 1895 Friend, Your White Beard Sweeps the Ground
0%
Novel 1896 George's Mother
0%
Poem 1895 God Fashioned the Ship of the World Carefully
0%
Poem 1895 God Lay Dead in Heaven
0%
Short Story Collection 1901 Great Battles of the World
0%
Short Story 1902 Great-Grief's Holiday Dinner
0%
Short Story 1902 How the Donkey Lifted the Hills
0%
Poem 1895 If I Should Cast Off This Tattered Coat
0%
Poem 1895 If There is a Witness to My Little Life
0%
Poem 1895 I Looked Here
0%
Poem 1895 I Met a Seer
0%
Poem 1895 In a Lonely Place
0%
Short Story 1902 In the Broadway Cars
0%
Poem 1895 I Saw a Man Pursuing the Horizon
0%
Poem 1895 I Stood Musing in a Black World
0%
Poem 1895 I Stood Upon a High Place
0%
Poem 1895 I Stood Upon a Highway
0%
Poem 1895 "It Was Wrong to Do This," Said the Angel
0%
Poem 1895 I Walked in a Desert
0%
Poem 1895 I Was in the Darkness
0%
Short Story Collection 1902 Last Words
0%
Short Story 1902 London Impressions
0%
Poem 1895 Love Walked Alone
0%
Short Story 1900 Lynx-Hunting
0%
Short Story 1900 Making an Orator
0%
Poem 1895 Many Red Devils Ran From My Heart
0%
Poem 1895 Many Workmen
0%
Short Story 1902 Minetta Lane
0%
Poem 1895 Mystic Shadow, Bending Near Me
0%
Short Story 1902 "Ol' Bennett" and the Indians
0%
Poem 1895 Once, I Knew a Fine Song
0%
Poem 1895 Once I Saw Mountains Angry
0%
Poem 1895 Once There Came a Man
0%
Poem 1895 Once There Was a Man
0%
Short Story 1898 One Dash - Horses
0%
Poem 1895 On the Horizon the Peaks Assembled
0%
Poem 1895 Places Among the Stars
0%
Short Story 1902 Roof Gardens
0%
Short Story 1900 Shame
0%
Poem 1895 Should the Wide World Roll Away
0%
Short Story 1900 "Showin' Off"
0%
Poem 1895 Supposing That I Should Have the Courage
0%
Poem 1895 Tell Brave Deeds of War
0%
Short Story 1900 The Angel Child
0%
Short Story 1902 The Assassins in Modern Battles
0%
Short Story 1901 The Battle of Bunker Hill
0%
Short Story 1902 The Battle of Forty Fort
0%
Short Story 1901 The Battle of Solferino
0%
Short Story 1901 The Brief Campaign Against New Orleans
0%
Short Story 1900 The Carriage-Lamps
0%
Short Story 1900 The City Urchin and the Chaste Villagers
0%
Short Story 1900 The Fight
0%
Short Story 1898 The Five White Mice
0%
Short Story 1902 The Kicking Twelfth
0%
Short Story 1900 The Knife
0%
Short Story Collection 1896 The Little Regiment and Other Episodes from the American Civil War
0%
Poem 1895 The Livid Lightnings Flashed in the Clouds
0%
Short Story 1900 The Lover and the Telltale
0%
Short Story 1902 The Mesmeric Mountain
0%
Short Story Collection 1899 The Monster and Other Stories
0%
Poem 1895 The Ocean Said to Me Once
0%
Short Story Collection 1898 The Open Boat and Other Tales of Adventure
0%
Novel 1903 The O'Ruddy
0%
Poem 1895 There Came Whisperings in the Winds
0%
Short Story 1902 The Reluctant Voyagers
0%
Poem 1895 There Was a Crimson Clash of War
0%
Poem 1895 There Was a Great Cathedral
0%
Poem 1895 There Was a Man and a Woman
0%
Poem 1895 There Was a Man Who Lived a Life of Fire
0%
Poem 1895 There Was, Before Me
0%
Poem 1895 There Was One I Met Upon the Road
0%
Poem 1895 There Was Set Before Me a Mighty Hill
0%
Poem 1895 There Were Many Who Went in Huddled Procession
0%
Short Story 1902 The Royal Irish Constabulary
0%
Poem 1895 The Sage Lectured Brilliantly
0%
Short Story 1902 The Shrapnel of Their Friends
0%
Short Story 1901 The Siege of Plevna
0%
Short Story 1902 The Silver Pageant
0%
Short Story 1902 The Snake
0%
Short Story 1902 The Squire's Madness
0%
Short Story 1901 The Storming of Badajoz
0%
Short Story 1901 The Storming of Burkersdorf Heights
0%
Short Story 1900 The Stove
0%
Short Story 1902 The Surrender of Forty Fort
0%
Novel 1897 The Third Violet
0%
Short Story 1900 The Trial, Execution, and Burial of Homer Phelps
0%
Short Story 1902 The Victory of the Moon
0%
Short Story 1902 The Voice of the Mountain
0%
Short Story 1898 The Wise Men
0%
Poem 1895 "Think as I Think," Said a Man
0%
Poem 1895 Three Little Birds in a Row
0%
Short Story 1896 Three Miraculous Soldiers
0%
Poem 1895 Tradition, Thou Art for Suckling Children
0%
Poem 1895 "Truth," Said a Traveller
0%
Poem 1895 Two or Three Angels
0%
Poem 1895 Upon the Road of My Life
0%
Short Story 1901 Vittoria
0%
Poem 1895 Walking in the Sky
0%
Short Story Collection 1900 Whilomville Stories
0%
Short Story 1902 Why Did the Young Clerk Swear?
0%
Poem 1895 Why Do You Strive for Greatness, Fool?
0%
Poem 1895 With Eye and With Gesture
0%
Poem 1895 Yes, I Have a Thousand Tongues
0%
Poem 1895 You Say You Are Holy
0%
No matching quizzes found
Score Distribution
Percent of People with Each Score
Percentile by Number Answered
Your Score History
You have not taken this quiz